Welcome to CU Library Online Public Access Catalogue (OPAC)

NOAH'S FLOOD; (Record no. 6683)

MARC details
000 -LEADER
fixed length control field 00369nam a22001337a 4500
005 - DATE AND TIME OF LATEST TRANSACTION
control field 20250625130427.0
008 - FIXED-LENGTH DATA ELEMENTS--GENERAL INFORMATION
fixed length control field 250625b |||||||| |||| 00| 0 eng d
050 ## - LIBRARY OF CONGRESS CALL NUMBER
Classification number BS658
Item number C64 COH
100 ## - MAIN ENTRY--PERSONAL NAME
Personal name COHN NORMAN
245 ## - TITLE STATEMENT
Title NOAH'S FLOOD;
Remainder of title THE GENESIS STORY IN WESTERN THOUGHT
260 ## - PUBLICATION, DISTRIBUTION, ETC.
Place of publication, distribution, etc. LONDON
Name of publisher, distributor, etc. YALE UNIVERSITY PRESS
Date of publication, distribution, etc. c1996
300 ## - PHYSICAL DESCRIPTION
Extent xiii, 154p
942 ## - ADDED ENTRY ELEMENTS (KOHA)
Source of classification or shelving scheme Library of Congress Classification
Koha item type Books
Suppress in OPAC No
999 ## -
-- 6683
-- 6683
Holdings
Withdrawn status Lost status Source of classification or shelving scheme Damaged status Not for loan Collection Home library Current library Shelving location Date acquired Total checkouts Full call number Barcode Date last seen Copy number Price effective from Koha item type
    Library of Congress Classification     Non-fiction Undergraduate Library (Christ Temple) Undergraduate Library (Christ Temple) General stacks 06/25/2025   BS658,C64 COH ULCT00003518 06/25/2025 1 06/06/2025 Books
© 2023-2024 Copyright: Central University Libraries. All Rights Reserved | Created by: Mahone Tech Office